000 01387nab a22002537a 4500
999 _c6339
_d6339
003 OSt
005 20260130214539.0
008 190603e xxum|||| |||| 00| 0 spa d
040 _cPJ
100 _94506
_aPadilla, Rodrigo
245 1 0 _aResponsabilidad por intervención de cosas y actividades riesgosas /
_cRodrigo Padilla.
260 _cCiudad Autónoma de Buenos Aires :
_aThomson Reuters La Ley,
_b2025.
300 _ap. 189-200
500 _aCita: TR LALEY AR/DOC/2272/2025 Publicado en: RCCyC 2025 (Octubre).
505 _aSumario: I. Cuestiones generales previas: la imputabilidad objetiva.— II. El originario art. 1113 del Código de Vélez. La reforma producida por ley 17.711.— III. El nuevo Cód. Civ. y Com. Arts. 1757 y 1758.— IV. La responsabilidad por riesgo y vicio de las cosas.— V. La responsabilidad por actividades riesgosas.— VI. Los sujetos responsables. Las causales eximentes.
505 _t¿Te interesa el texto completo? Solicitalo al correo: koha@justierradelfuego.gov.ar
650 0 _91497
_aCODIGO CIVIL Y COMERCIAL
650 0 _91467
_aRESPONSABILIDAD CIVIL
650 0 _93331
_aDAÑO
650 0 _93451
_aRESPONSABILIDAD OBJETIVA
650 0 _aCOSA RIESGOSA
_93577
773 0 _02713
_93170
_dCiudad Autónoma de Buenos Aires : Thomson Reuters La Ley, 2015-
_tRevista Código Civil y Comercial. Nº 5 - Octubre 2025
942 _2udc
_cANA